team crafted - Statistics

General Stats
  • This quiz has been taken 4 times
  • The average score is 5 of 7
Answer Stats
Answer % Correct
SkyDoesMinecraft
100%
Bajan Canadian
67%
HuskyMUDKIPZ
67%
JeromeASF
67%
MinecraftUniverse
67%
Ssundee
67%
Deadlox
33%
No matching quizzes found
Score Distribution
Percent of People with Each Score
Percentile by Number Answered
Your Score History
You have not taken this quiz